Croatia True or False? - Statistics

General Stats
  • This quiz has been taken 67 times
  • The average score is 12 of 15
Answer Stats
Question Answer % Correct
"Game of Thrones" was partly filmed in Croatia True
95%
Most Croatians are irreligious False
92%
Croatian is mutually intelligible with Serbian and Bosnian True
88%
Osijek, Pula and Vukovar are the names of some of Croatia's cities True
85%
The Croatian spelling for their country is "Krovatsija" False
83%
The Dalmatian dog originates from Croatia True
83%
Croatia has finished as runner-up at the men's FIFA World Cup True
83%
The Croatian language uses the Cyrillic alphabet False
81%
Zagreb is the only national capital starting with the letter Z True
80%
Croatia borders Montenegro True
80%
Ustaše is the name of the most popular brand of beer in Croatia False
76%
The Ottoman Empire once ruled over large parts of Croatia True
75%
Croatia retained essentially the same borders it had during Yugoslavia True
73%
Croatia joined the NATO and the EU in the same year False
64%
Croatia's population has steadily increased since the 1990s False
64%
No matching quizzes found
Score Distribution
Percent of People with Each Score
Percentile by Number Answered
Your Score History
You have not taken this quiz